Statistics for Major American Sports Teams by Insignia

Click here to take the quiz!

General Stats

  • This quiz has been taken 129 times
    (48 since last reset)
  • The average score is 112 of 152

Answer Stats

Answer% Correct
Cincinnati Bengals
100%
Los Angeles Angels
100%
Chicago Cubs
97%
Chicago White Sox
97%
New York Giants
97%
San Antonio Spurs
97%
San Francisco Giants
97%
Utah Jazz
97%
Arizona Cardinals
94%
Arizona Diamondbacks
94%
Atlanta Falcons
94%
Baltimore Ravens
94%
Houston Rockets
94%
Oakland Athletics
94%
Philadelphia Eagles
94%
Pittsburgh Penguins
94%
Pittsburgh Pirates
94%
San Diego Padres
94%
Seattle Seahawks
94%
Boston Celtics
91%
Boston Red Sox
91%
Buffalo Bills
91%
Carolina Panthers
91%
Charlotte Hornets
91%
Chicago Bulls
91%
Dallas Cowboys
91%
Denver Broncos
91%
Detroit Lions
91%
Golden State Warriors
91%
Houston Texans
91%
Las Vegas Raiders
91%
Los Angeles Lakers
91%
Memphis Grizzlies
91%
Miami Dolphins
91%
Milwaukee Bucks
91%
Minnesota Vikings
91%
New England Patriots
91%
New Jersey Devils
91%
New Orleans Pelicans
91%
New Orleans Saints
91%
San Jose Sharks
91%
St. Louis Cardinals
91%
Washington Commanders
91%
Washington Nationals
91%
Baltimore Orioles
89%
Chicago Bears
89%
Cleveland Browns
89%
Colorado Rockies
89%
Detroit Tigers
89%
Jacksonville Jaguars
89%
Los Angeles Chargers
89%
Miami Heat
89%
Miami Marlins
89%
New York Jets
89%
Philadelphia Flyers
89%
Portland Trail Blazers
89%
Seattle Kraken
89%
Tampa Bay Buccaneers
89%
Tampa Bay Rays
89%
Toronto Blue Jays
89%
Toronto Maple Leafs
89%
Atlanta Hawks
86%
Calgary Flames
86%
Cincinnati Reds
86%
Dallas Mavericks
86%
Dallas Stars
86%
Denver Nuggets
86%
Detroit Red Wings
86%
Kansas City Chiefs
86%
Los Angeles Dodgers
86%
Los Angeles Rams
86%
Minnesota Timberwolves
86%
New York Yankees
86%
Pittsburgh Steelers
86%
San Francisco 49ers
86%
Tennessee Titans
86%
Texas Rangers
86%
Atlanta Braves
83%
Indianapolis Colts
83%
Minnesota Twins
83%
New York Knicks
83%
Orlando Magic
83%
Anaheim Ducks
80%
Boston Bruins
80%
Chicago Blackhawks
80%
Cleveland Guardians
80%
Green Bay Packers
80%
Montreal Canadiens
80%
Phoenix Suns
80%
Toronto Raptors
80%
Brooklyn Nets
77%
Buffalo Sabres
77%
Cleveland Cavaliers
77%
Detroit Pistons
77%
Milwaukee Brewers
77%
Nashville Predators
77%
New York Mets
77%
New York Rangers
77%
Sacramento Kings
77%
Vegas Golden Knights
77%
Washington Wizards
77%
Carolina Hurricanes
74%
Columbus Blue Jackets
74%
Florida Panthers
74%
Minnesota Wild
74%
New York Islanders
74%
Seattle Mariners
74%
Vancouver Canucks
74%
Arizona Coyotes
71%
Kansas City Royals
71%
New York Red Bulls
71%
Tampa Bay Lightning
71%
Winnipeg Jets
71%
Edmonton Oilers
69%
Houston Astros
69%
Los Angeles Kings
69%
Oklahoma City Thunder
69%
Ottawa Senators
69%
Philadelphia 76ers
69%
St. Louis Blues
69%
Philadelphia Phillies
66%
Washington Capitals
63%
Colorado Avalanche
57%
Indiana Pacers
57%
Los Angeles Clippers
57%
Seattle Sounders FC
54%
FC Dallas
37%
Los Angeles Galaxy
34%
D.C. United
31%
Inter Miami CF
31%
Portland Timbers
31%
Orlando City SC
29%
Philadelphia Union
29%
Chicago Fire FC
26%
Nashville SC
26%
Atlanta United FC
23%
Toronto FC
23%
Vancouver Whitecaps FC
23%
Austin FC
20%
Colorado Rapids
20%
FC Cincinnati
20%
Sporting Kansas City
20%
Los Angeles FC
17%
Minnesota United FC
17%
Charlotte FC
14%
New England Revolution
14%
New York City FC
14%
Real Salt Lake
14%
CF Montréal
11%
Houston Dynamo
11%
San Jose Earthquakes
11%
Columbus Crew SC
9%

Score Distribution

Percentile by Number Answered

Percent of People with Each Score

Your Score History

You have not taken this quiz since the last reset